00932nam a2200241Ia 4500001000600000003000900006008004100015040001300056040001300069041001300082100002300095100002900118245006000147245006000207250001100267260001100278260002100289260004900310300004300359500023300402650002400635650003100659 5253IT-RoPAU130308s9999 xx 000 0 und d aIT-RoPAU cIT-RoPAU aITALIANO aAlberoni Francesco gCodice Aut. SPICS: 10027 aElite senza potere (L')-Ricerca sociologica sul divismo bElite senza Potere (L')-Ricerca sociologica Sul Divismo a1a ed. aMILANO bVita e Pensiero  c1963 [1° Ed.:1963 - Ed.Ling.Originale:1963] a"220 p. (prefazione: no ; testo: 220)" aDivismo Come Problema Etico Sociale Divismo e carisma Divismo e stratificazione Sociale Identificazione e Imitazione Divismo e culto della Personalità€ Ricerca sperimentale Metodo della Ricerca verifica delle ipotesiProspettive aSAGGI DI SOCIOLOGIA eCodice materia Spics: 3657